Los conflictos socioambientales por actividades extractivas en el Perú / (Registro nro. 63333)

Detalles MARC
000 -LEADER
campo de control de longitud fija 02464nam a22004454i 4500
003 - IDENTIFICADOR DE NÚMERO DE CONTROL
campo de control PE-LiUPU
005 - FECHA Y HORA DE LA ÚLTIMA TRANSACCIÓN
campo de control 20260325170513.0
008 - DATOS DE LONGITUD FIJA--INFORMACIÓN GENERAL
campo de control de longitud fija 070701s2007 pe a b 000 0 spa d
035 ## - NÚMERO DE CONTROL DEL SISTEMA
Número de control de sistema PE-LiUPU000009
040 ## - FUENTE DE CATALOGACIÓN
Centro catalogador/agencia de origen PE-LiUPU
Lengua de catalogación spa
Centro/agencia transcriptor PE-LiUPU
Normas de descripción rda
041 0# - CÓDIGO DE IDIOMA
Código de lengua del texto/banda sonora o título independiente spa
082 04 - NÚMERO DE LA CLASIFICACIÓN DECIMAL DEWEY
Número de clasificación 303.69
Cutter P471c
Número de edición TP
110 2# - ENTRADA PRINCIPAL--NOMBRE DE ENTIDAD CORPORATIVA
Nombre de entidad corporativa o nombre de jurisdicción como elemento de entrada Perú.
Unidad subordinada Defensoría del Pueblo,
Término indicativo de función/relación autor corporativo.
245 14 - MENCIÓN DEL TÍTULO
Título Los conflictos socioambientales por actividades extractivas en el Perú /
Mención de responsabilidad, etc. Defensoría del Pueblo.
264 #1 - PRODUCCIÓN, PUBLICACIÓN, DISTRIBUCIÓN, FABRICACIÓN Y COPYRIGHT
Producción, publicación, distribución, fabricación y copyright Lima :
Nombre del de productor, editor, distribuidor, fabricante Defensoría del Pueblo,
Fecha de producción, publicación, distribución, fabricación o copyright 2007.
300 ## - DESCRIPCIÓN FÍSICA
Extensión 186 páginas :
Otras características físicas ilustraciones ;
Dimensiones 30 cm
336 ## - TIPO DE CONTENIDO
Término de tipo de contenido text
Fuente rdacontent
337 ## - TIPO DE MEDIO
Nombre/término del tipo de medio unmediated
Fuente rdamedia
338 ## - TIPO DE SOPORTE
Nombre/término del tipo de soporte volume
Fuente rdacarrier
490 0# - MENCIÓN DE SERIE
Mención de serie Serie Informes Extraordinarios ;
Designación de volumen o secuencia Informe N° 2
500 ## - NOTA GENERAL
Nota general Primera edición: julio de 2007.
500 ## - NOTA GENERAL
Nota general Tiraje: 1500 ejemplares.
500 ## - NOTA GENERAL
Nota general Incluye notas aclaratorias enviadas al Congreso de la República el 16 de abril de 2007.
504 ## - NOTA DE BIBLIOGRAFÍA, ETC.
Nota de bibliografía, etc. Incluye referencias bibliográficas.
505 ## - NOTA DE CONTENIDO CON FORMATO
Nota de contenido con formato Objetivos del informe -- Competencia de la Defensoría del Pueblo -- La Defensoría del Pueblo y los conflictos socioambientales -- Análisis defensorial de los conflictos socioambientales -- Causas de los conflictos socioambientales -- Consecuencias del conflicto -- Repercusiones de los conflictos socioambientales violentos en los derechos de las personas -- El caso del Padre Marco Antonio Arana Zegarra (Expediente N° 928-06/DP-CAJAMARCA) -- El caso del ciudadano Isidro Llanos -- Tendencias de la conflictividad -- Recomendaciones y sugerencias.
546 ## - NOTA DE IDIOMA
Nota de lengua/lenguaje Texto en español.
610 24 - PUNTO DE ACCESO ADICIONAL DE MATERIA--NOMBRE DE ENTIDAD CORPORATIVA
Nombre de entidad corporativa o nombre de jurisdicción como elemento de entrada Perú.
Unidad subordinada Defensoría del Pueblo.
650 18 - PUNTO DE ACCESO ADICIONAL DE MATERIA--TÉRMINO DE MATERIA
Término de materia o nombre geográfico como elemento de entrada Conflictos sociales
Subdivisión geográfica Perú
9 (RLIN) 8234
650 28 - PUNTO DE ACCESO ADICIONAL DE MATERIA--TÉRMINO DE MATERIA
Término de materia o nombre geográfico como elemento de entrada Conflictos socioambientales
Subdivisión geográfica Perú
9 (RLIN) 8235
650 28 - PUNTO DE ACCESO ADICIONAL DE MATERIA--TÉRMINO DE MATERIA
Término de materia o nombre geográfico como elemento de entrada Conflictos ambientales
Subdivisión geográfica Perú.
650 28 - PUNTO DE ACCESO ADICIONAL DE MATERIA--TÉRMINO DE MATERIA
Término de materia o nombre geográfico como elemento de entrada Industrias extractivas
Subdivisión general Aspectos sociales
Subdivisión geográfica Perú
9 (RLIN) 8236
650 18 - PUNTO DE ACCESO ADICIONAL DE MATERIA--TÉRMINO DE MATERIA
Término de materia o nombre geográfico como elemento de entrada Impacto ambiental
Subdivisión geográfica Perú.
650 18 - PUNTO DE ACCESO ADICIONAL DE MATERIA--TÉRMINO DE MATERIA
Término de materia o nombre geográfico como elemento de entrada Política ambiental
Subdivisión geográfica Perú.
710 ## - ENTRADA AGREGADA--NOMBRE DE ENTIDAD CORPORATIVA
Nombre de entidad corporativa o nombre de jurisdicción como elemento de entrada Agencia Canadiense para el Desarrollo Internacional,
Término indicativo de función/relación entidad financiadora.
9 (RLIN) 8237
710 ## - ENTRADA AGREGADA--NOMBRE DE ENTIDAD CORPORATIVA
Nombre de entidad corporativa o nombre de jurisdicción como elemento de entrada Agencia Española de Cooperación Internacional,
Término indicativo de función/relación entidad financiadora.
9 (RLIN) 8238
710 2# - ENTRADA AGREGADA--NOMBRE DE ENTIDAD CORPORATIVA
Nombre de entidad corporativa o nombre de jurisdicción como elemento de entrada Agencia Sueca para el Desarrollo Internacional,
Término indicativo de función/relación entidad financiadora.
710 ## - ENTRADA AGREGADA--NOMBRE DE ENTIDAD CORPORATIVA
Nombre de entidad corporativa o nombre de jurisdicción como elemento de entrada Agencia Suiza para el Desarrollo y la Cooperación,
Término indicativo de función/relación entidad financiadora.
9 (RLIN) 8239
942 ## - ELEMENTOS DE ENTRADA SECUNDARIOS (KOHA)
Fuente del sistema de clasificación o colocación Clasificación Decimal Dewey
Tipo de ítem Koha Libros físicos
980 ## - EQUIVALENCIA O REFERENCIA-CRUZADA-MENCIÓN DE SERIE--NOMBRE DE PERSONA/TÍTULO [LOCAL, CANADÁ]
ID del usuario creador del registro 18228
Nombre del creador del registro Rebeca Esther Huerta Leyton
ID del último usuario que modificó el registro 18226
Nombre del último usuario que modificó el registro Jaime Vilcazán Jefe de Análisis Documental
Existencias
Visto por última vez Total de préstamos Signatura topográfica completa Código de barras Copia número Coste, precio de reemplazo Fecha de reemplazo Facultad Tipo de ítem Koha Estado de pérdida Fuente del sistema de clasificación o colocación Restricciones de uso No para préstamo Colección Programa académico Biblioteca de origen Biblioteca actual Ubicación en estantería Fecha de adquisición Fuente de adquisición
2026-03-31   303.69 P471c 83138 e1 15.00 2026-03-24 FACIHED Libros físicos No Perdido Clasificación Decimal Dewey No restringido Disponible para préstamos Colección General Derecho presencial Biblioteca CRAI UPeU Lima Biblioteca CRAI UPeU Lima Sala principal 2026-02-12 Donación, Jhon Eden Rosario Campos